000 00398nam a2200169Ia 4500
008 090711s9999 xx 000 0 und d
082 _b73065
100 _aकाळे व. पु.
245 _aवलय
260 _c1992
300 _a168
600 _aकाळे व. पु.
630 _aवलय
700 _aकाळे व. पु.
730 _aवलय
942 _cBOOK
999 _c311268
_d311268